| 000 | 00000nam 2200000zi 4500 |
| 001 | 9.921042 |
| 003 | CaOODSP |
| 005 | 20241203113656 |
| 006 | m o d f |
| 007 | cr |n||||||||| |
| 008 | 230123s1973 onc o f|0| 0 eng d |
| 040 | |aCaOODSP|beng|erda|cCaOODSP |
| 043 | |an-cn-nk |
| 086 | 1 |aEn37-605/1973E-PDF |
| 245 | 00|aAttitude field survey : |bSt. Croix River Basin. |
| 264 | 1|a[Ottawa] : |b[Environment Canada], |c[1973] |
| 300 | |a1 online resource (17 pages) |
| 336 | |atext|btxt|2rdacontent |
| 337 | |acomputer|bc|2rdamedia |
| 338 | |aonline resource|bcr|2rdacarrier |
| 500 | |aDigitized edition from print [produced by Environment and Climate Change Canada]. |
| 650 | 0|aWater levels|zSaint Croix River (Me. and N.B.) |
| 650 | 6|aNiveau des eaux|zSainte-Croix, Fleuve (Maine et N.-B.) |
| 710 | 1 |aCanada. |bEnvironment Canada, |eissuing body. |
| 856 | 40|qPDF|s5.24 MB|uhttps://publications.gc.ca/collections/collection_2024/eccc/En37-605-1973-eng.pdf |